| 000 | 01059cab a22002175a 4500 | ||
|---|---|---|---|
| 001 | L142636 | ||
| 008 | 080226e2008 xxk f 000 0 eng d | ||
| 035 | _a(Sirsi) u142636 | ||
| 041 | 0 | _aeng | |
| 100 | 1 | _aLane, Thomas | |
| 245 | 0 | 4 | _aThe A-G of energy certificates |
| 260 | _c2008 | ||
| 490 | 0 |
_aBuilding _v273(8516) 15 February 2008, 51-52(2) |
|
| 520 | _aDiscusses the introduction of energy performance certificates for non-housing. Explains the timescale, calculating energy performance using the rating system of A to G, the three types of non-housing (level three, four and five), the training of assessors by approved organisations, the cost of certificates, penalties, and field trials. Also describes "Building's" experience of energy rating its own office building. | ||
| 590 | _aKA | ||
| 650 | 2 | 4 | _aCOMMERCIAL ENERGY PERFORMANCE CERTIFICATES |
| 651 | 4 |
_aEngland and Wales _y1543- |
|
| 690 | _aBUILT ENVIRONMENT-SUSTAINABLE CONSTRUCTION | ||
| 690 | _aENVIRONMENTAL AND LAND CONSULTANCY-ENERGY-ENERGY USE-ENERGY EFFICIENCY | ||
| 942 | _n0 | ||
| 999 |
_c79882 _d79882 |
||